01492nam a2200289 a 4500001001000000005001700010008004100027041000800068044000800076084002100084100004500105245019100150260003600341300003300377440003200410500029000442500010600732500004300838500001000881546002400891650005200915650005600967650003401023650004501057700005001102740005001152BRCA_322820190320204156.0040309s1782----enka---###---#000-0#eng-# aeng aenk a529b.H377c17821 aCervantes Saavedra, Miguel ded1547-161610aThe History and Adventures of the Renowned Don QuixotecTranslated from de Spanish of Miguel de Cervantes Saavedra to wich is Prefixed some Account of the Author´s Life by Dr. Smollett. aLondresbHarrison and Co.c1782 a1 v. en 4 tomosbil.c23 cm. 0aThe Novelist´s Magazinev8 aContenido : t.1. Primera parte. Vida de Cervantes por Smollett. Advertencia del traductor. Prólogo del autor. -- t.2. Texto. -- t.3. Segunda parte. Prólogo del autor. Aprobación de Márquez Torres. Licencia de Gutierre de Cetina. Aprobación de J. de Valdivielso. -- t.4. Texto aEjemplar igual al anterior [528]. Piel; lomos y planos adornados con filetes dorados Lúdovik Osterc aEstado físico : Cubierta desprendida aQM790 aTexto en : inglés14aNovela españolayÉpoca clásica, 1500-170014aLiteratura españolayÉpoca clásica, 1500-170014aNovela españolaySiglo XVII14aDon Quijote (Personaje ficticio)eNovela1 aSmollett, Tobias Georged1721-1771eTraductor0 aEl Ingenioso Hidalgo Don Quijote de la Mancha